000 00597nam a2200217Ia 4500
003 OSt
005 20221007083145.0
006 a|||||r|||| 00| 0
007 ta
008 221006b |||||||| |||| 00| 0 eng d
024 _a38,514
037 _cDissertations
040 _aFLL
_cFLL
_beng
041 _2eng
_aeng
100 _aTyagi Narendra Kumar
_9700371
245 0 _aDivorce jurisdiction of the courts
_b Comparative study of the Indian and English law
260 _c1985
300 _aiv,111p
_ccm.
942 _cDIS
_2CC
999 _c1169030
_d1169030